000 01040nam a2200301Ia 4500
005 20220316235347.0
008 121119s2003 ck a gr 000 f spa
020 _a9583006823
041 1 _aspa
100 1 _aVerne, Julio,
_d1828-1905
245 1 0 _aVeinte mil leguas de viaje submarino
_cJulio Verne ; versión abreviada de B. Fernández ; ilustraciones, Andrés Jullian
250 _aSegunda reimpresión
264 1 _aBogotá
_bPanamericana
_c2003
300 _a200 páginas
_bilustraciones
_c21 cm.
336 _atexto
_btxt
_2rdacontent
337 _asin mediación
_bn
_2rdamedia
338 _avolumen
_bnc
_2rdacarrier
490 0 _aBiblioteca Julio Verne
650 1 4 _2LEMB
_aNovela francesa
650 1 4 _2LEMB
_aLiteratura francesa
_ySiglo XIX
650 1 4 _2LEMB
_aExploraciones submarinas
_vNovela
650 1 4 _2LEMB
_aAventuras
700 1 _aFernández, Bernardo
_etraductor
_9118024
700 1 _aJullian, Andrés
_eilustrador
_9118025
942 _2loc
_cBKLIT
040 _aCO-BoRNBP
_bspa
_erda
_cCO-BoRNBP
084 _aN VER2
999 _c721
_d721